000 00739nam a2200301Ia 4500
008 171120s9999 xx 000 0 und d
020 _a753405164
050 _a520
050 _bS888 1993
100 _aStott, Carole
245 _aI wonder why stars twinkle :
245 _band other questions about space /
245 _cby Carole Stott.
260 _aLondon :
260 _bKingfisher,
260 _c1993
300 _a32 pages :
300 _bcolor illustrations ;
300 _c29cm.
440 _aI wonder why.
650 _aAstronomy --
650 _aAstronomy.
650 _aOuter space --
650 _xJuvenile literature.
650 _xJuvenile literature.
700 _aSeries.
700 _aTitle.
999 _c344954
_d344954